| 000 | 00543nam a2200205 a 4500 | ||
|---|---|---|---|
| 005 | 20210219152821.0 | ||
| 008 | 991125n 000 0 spa u | ||
| 035 | _aUPN01000062330 | ||
| 100 | 1 | _aGarcía Maldonado, Vitelio | |
| 222 | _aEL MAESTRO | ||
| 245 | _aA propósito de la calidad de la educación | ||
| 260 | _aMéxico | ||
| 300 | _a6, 8 | ||
| 362 | 0 | _a1995 Año 5, no. 59, dic. | |
| 653 | 0 | _aCALIDAD EDUCATIVA | |
| 653 | 0 | _aFORMACION DE MAESTROS | |
| 653 | 0 | _aSISTEMA EDUCATIVO | |
| 904 |
_aAC _b000141 |
||
| 905 | _aArticulo | ||
| 999 |
_c61656 _d61656 |
||